Регионална библиотека "Любен Каравелов" - Русе

Капитализмът на XX век (Запис номер 47936)

MARC детайли
000 -Лидер
Контролно поле с фиксирана дължина nam a22 a 4500
003 - Код на организацията, давaща контролен номер
Контролно поле BLK
005 - Дата и час на последна редакция
Контролно поле 20220317110610.0
008 - Елементи от данни с фиксирана дължина
fixed length control field 180408b bul|||||r ||||||| ||bul||
010 ## - Наследен системен номер
LC control number KNG00051751000
040 ## - Източник на каталожния запис
Идентификатор на билиотеката - собственик на записа BLK
041 ## - Код за език
Код за езика на текст/звукозапис или на отделно заглавие Български
Код за езика КДБФ Български
Други езици Руски
080 ## - УДК
Текстов определител УДК Връзка на капитала с производството
УДК код - определител по УДК 330.012
УДК - код + определител 330.012
100 1# - Редна дума - Автор
Автор Варга, Евгени С.
Авторска отговорност първи автор
R(LIN) 281742
139 ## - Редно поле
Редна дума Варга, Евгени С.
Авторски знак Вар - В 22
245 10 - Сведения за заглавието
Заглавие Капитализмът на XX век
Редно поле (дума) Евгени С. Варга; прев. от рус. Донка Данчева.
257 ## - Страна на издаване
Страна на създаване/издаване България
260 ## - Област на издателските данни
Име на издателя, разпространителя и проч. БКП
Година на издаване 1963
Печатница В.Търново : Д. Найденов
Място на издаване, разпространение и проч. София
300 ## - Физическа характеристика
Страници 156 с.
Размери/Мащаб 25 см
380 ## - Жанр
Жанр Обществени науки
650 #4 - Допълнително описание по предмет – тема
Основно описание – тема или топоним Политическа икономия - капитализъм
9 (RLIN) 277986
653 ## - Ключова дума – ненормативна
Ключова дума капитализъм
653 ## - Ключова дума – ненормативна
Ключова дума политическа икономия
700 1# - Други автори (авторска отговорност)
Лично име Данчева, Донка
Автороска отговорност (Описва отношението между автора и произведението) прев. от рус.
9 (RLIN) 276837
852 ## - Местоположение
Форматна сигнатура Цб 26008
Фондова буква Хранилище
856 4# - Електронен адрес и достъп
Електронен формат pdf - файл
856 4# - Електронен адрес и достъп
Електронен формат pdf - файл
999 ## - СИСТЕМНИ КОНТРОЛНИ НОМЕРА
Koha biblionumber 47936
Koha biblioitemnumber 47936
942 ## - АРТИКУЛИ
Вид на библиотечния материал Книги
Скрит в OPAC Не
Периодичен библиозапис Да
944 ## - СЪЗДАВАНЕ И РЕДАКЦИЯ на ЗАПИСА
Създаване/Редакция Създаване
Дата на регистрацията/редакция 01.09.2016
Служител, извършил регистрацията/редакцията Христина_Везирева
944 ## - СЪЗДАВАНЕ И РЕДАКЦИЯ на ЗАПИСА
Създаване/Редакция Редакция
Дата на регистрацията/редакция 01.09.2016
Служител, извършил регистрацията/редакцията Христина_Везирева
999 ## - СИСТЕМНИ КОНТРОЛНИ НОМЕРА
Koha biblioitemnumber 47936
Наличности
Код за отписване Код за изгубен артикул Източник на класификационната схема Код за повреда Коз за рестрикции Код за отдаване Артикулен № Име на библиотеката - собственик Име на библиотеката, в която се намира в момента Статус (Текущо местоположение) Дата на вписване в системата Местоположение - отдел Цена в лева Инвентарен номер Систематично азбучна сигнатура Баркод Номер на екземпляра Цена в евро Служебна бележка Служебен тип на артикула
  Не е изгубен Universal Decimal Classification Не е повреден само за читалня ползва се в читалня 75288 Регионална библиотека "Любен Каравелов" Русе Регионална библиотека "Любен Каравелов" Русе Хранилище 1963-01-01 Хранилище 0.30 2010/63 Цб 26008 900000090705 1 0.15 Вид: Сф N: стар фонд Дата: 01.01.1963 Книги
Изтеглен Не е изгубен Universal Decimal Classification Не е повреден без рестрикции заемане за дома 75289 Регионална библиотека "Любен Каравелов" Русе Регионална библиотека "Любен Каравелов" Русе Заемна - подръчен фонд 1963-01-01 Заемна - подръчен фонд 0.00 1559/63 П 330/В 22 1559/63 2 0.00 Вид: Сф Дата: 01.01.1963 Книги
Vip Innovations Ltd, Rousse, Bulgaria 2025